01438nab a22002297a 4500003000400000005001700004008004100021040000700062100003000069245014300099260007300242300001300315500007300328505047600401505008900877650002900966650001500995650002801010650002401038650001201062773013401074OSt20260130205220.0190603e xxum|||| |||| 00| 0 spa d cPJ aResqui Pizarro, Jorge C. 10aPlataformas digitales para alquileres temporarios : bel desafío del mercado inmobiliario de las locaciones /cJorge C. Resqui Pizarro.  cCiudad Autónoma de Buenos Aires :aThomson Reuters La Ley, b2025. ap. 50-61 aCita: TR LALEY AR/DOC/2279/2025 Publicado en: RCCyC 2025 (Octubre). aSumario: I. Introducción.— II. Derechos y obligaciones del huésped.— III. Derechos y obligaciones del anfitrión.— IV. Antecedente en la Ciudad Autónoma de Buenos Aires.— V. Lo que hicieron otros países con Airbnb y otras plataformas.— VI. No más Airbnb en la nueva Ley de Alquileres de Portugal.— VII. Contratos remotos, e-contracts y smart contracts en las plataformas digitales.— VIII. Firmas en el entorno digital: digital vs. electrónica.  t¿Te interesa el texto completo? Solicitalo al correo: koha@justierradelfuego.gov.ar 0aCODIGO CIVIL Y COMERCIAL 0aCONTRATOS  0aLOCACIÓN DE INMUEBLES 0aCONTRATO DE TURISMO 0aTURISMO0 02713dCiudad Autónoma de Buenos Aires : Thomson Reuters La Ley, 2015-tRevista Código Civil y Comercial. Nº 5 - Octubre 2025